000 00471nam a2200157 i 4500
001 22309
003 ES-MaACL
005 20230906152654.0
007 t|
008 021202s1903 sp ||||1| spa d
100 1 _aAlonso Andrés, Luis.
_920257
245 1 0 _aAlgunas particularidades en el reconocimiento de los niños /
_cLuis Alonso Andrés.
260 _aSalamanca :
_b[s.n.,
_c1903] (
_fImp. Calatrava)
502 _aTesis doctoral.
852 _aES-MaACL
_jT-1225-F-13
999 _c22309
_d22309